000 00694nam a2200289Ia 4500
005 20260324112610.0
008 008 260324s9999 xx 000 0 eng d
020 _a9781003568735
037 _aEBOOK
040 _aCRL
040 _beng
040 _cCRL
041 _2eng
041 _aeng
084 _qCRL
100 _aLaura Constable Franklin
_91143370
245 0 _aFear and Crisis in the Post-Truth Era
245 4 _bThe "Othering" of America
260 _bTaylor and Francis
260 _c2024
365 _a
365 _b80.99
856 _uhttp://www.taylorfrancis.com/books/9781003568735
942 _cEBOOK
999 _c1732634
_d1732634